| 000 | 00849nam a22002057a 4500 | ||
|---|---|---|---|
| 999 |
_c63259 _d63259 |
||
| 005 | 20250709104531.0 | ||
| 008 | 250709s2021 en ||||| |||| 00| 0 eng d | ||
| 020 | _a 9781032098791X | ||
| 080 | _a616 Li-66 | ||
| 100 |
_aLi, Richard _d (Author) _925631 |
||
| 245 |
_a Forensic biology / _cRichard Li |
||
| 250 | _aSecond edition | ||
| 264 |
_aBoca Raton: _bCRC Press, Taylor & Francis Group, _c2021. |
||
| 300 |
_axxi, 545 pages : _bcolor illustrations ; _c26 cm. |
||
| 653 | _aForensic biology | ||
| 653 | _aFocusing on forensic serology and forensic DNA analysis, this book introduces students to the methods and techniques utilized | ||
| 653 | _a Biologie légale, Forensic Medicine, Forensic biology, Forensic genetics, Forensic serology | ||
| 653 | _aსასამართლო ბიოლოგია | ||
| 942 |
_2udc _cᲬᲘᲒᲜᲘ |
||